000 00759nam a2200289Ia 4500
003 OSt
005 20221006142600.0
006 a|||||r|||| 00| 0
007 ta
008 221006b |||||||| |||| 00| 0 eng d
020 _a0340412798
_c470.00
024 _a6,671
037 _cTextual
040 _aEASL
_cEASL
_beng
041 _2eng
_aeng
082 _aY:6.41.N87, M8
100 _aDEMO Kong
_9647967
245 0 _aHouse of Confucius
260 _aLondon
_bHodder & Stoughton
_c1988
300 _aix, 180p.
_ccm.
490 _v CEL
650 _a CEL
650 _aChina-sSocial life and customs
_9647968
700 _a KELAN
_9647969
942 _hY:6.41.N87, M8
_cTEXL
_2CC
999 _c1074757
_d1074757